[Event "45th Olympiad 2024"]
[Site "Budapest HUN"]
[Date "2024.09.19"]
[Round "8.21"]
[White "Cori, Jorge"]
[Black "Ragger, Markus"]
[Result "1/2-1/2"]
[WhiteElo "2609"]
[BlackElo "2601"]
[PlyCount "62"]
[EventDate "2024.09.11"]
[WhiteTeam "Peru"]
[BlackTeam "Austria"]
[WhiteTeamCountry "PER"]
[BlackTeamCountry "AUT"]

1. d4 {Milov,Vadim Marin,Mihail} Nf6 2. Nf3 d5 3. c4 e6 4. Nc3 Nbd7 5. cxd5 exd5 6. Bf4 c6 7. e3 Nh5 ({RR} 7... Nb6) 8. Bg5 ({RR} 8. Bd3 Nxf4 9. exf4) ({RR} 8. Be5 Nxe5 9. dxe5 ({RR} 9. Nxe5 g6 10. Qf3 f6 11. Nd3 Bd6 12. g4 Ng7 13. h4 Qe7) 9... g6 10. Be2 Bg4 11. Qa4 Bd7 12. O-O Be7 13. Rfd1 O-O 14. e4 dxe4 15. Qxe4 Qc7 16. Rac1 Rad8 17. Qe3 Qb6) 8... Be7 9. Bxe7 Qxe7 10. Qc2 g6 ({RR} 10... Nb6 11. O-O-O Nf6 ({RR} 11... Bg4 12. h3 ({RR} 12. Re1 Bxf3 13. gxf3 g6 14. Bh3 Qh4 15. Bg2 O-O-O 16. Kb1) 12... Bxf3 13. gxf3 g6 14. Kb1 O-O-O 15. h4 Kb8 16. Qb3 Nc8 ({RR} 16... Rhe8) 17. Na4 Nd6 18. Nc5 Ng7 19. Rc1 h5 20. Rc3 Ne6 ({RR} 20... Rhe8) ({RR} 20... Ka8) 21. Qb4 ({RR} 21. Nxe6 Qxe6 22. Rxc6 Qf5+ 23. Bd3 Qxf3 24. Rf1 Ne4 25. Rc2 Rc8) 21... Ka8 22. Ra3 Nc8 23. Bd3 Rhe8 24. Rb3 Nd6 25. Rc1 Rc8 26. Ra3) 12. Bd3 ({RR} 12. h3 Ne4) 12... Be6 ({RR} 12... Bg4) 13. h3 O-O-O 14. Kb1 Kb8 15. Nd2 ({RR} 15. Rc1 Ne8 16. Na4 Nxa4 17. Qxa4 Nd6 18. Rc3 Rhe8 19. Ra3 Nc8 20. Rc1 Qf6) 15... Rc8 16. Nb3 Nfd7 17. Ne2 ({RR} 17. f3 c5 18. dxc5 Nxc5 19. Nxc5 Rxc5 20. Qf2 Ka8 21. g4 Rhc8 22. Nb5 Bd7 23. Nd4 Nc4 24. Bxc4 dxc4 25. Ne2 b5) 17... c5 ({RR} 17... h5 18. h4 ({RR} 18. Rc1 h4 19. Rhe1 g5 20. Ng1 f6 21. Nf3 Rhe8) ({RR} 18. Nc5 Nxc5 19. dxc5 Nd7 20. b4 Ne5 21. Nd4 h4) 18... c5 19. dxc5 Nxc5 20. Nxc5 Rxc5 21. Qd2 Rhc8 22. Nd4 Bg4 23. Rde1 ({RR} 23. f3 Bd7) 23... Nc4 24. Bxc4 dxc4 25. f3 ({RR} 25. Qc3 Qe4+ 26. Qc2 Bf5) 25... c3 26. bxc3 Bd7 27. Rc1 Ba4) 18. dxc5 Nxc5 19. Nxc5 Rxc5 20. Qd2 Rhc8 21. Nd4 Nc4 22. Bxc4 dxc4 23. Qc3 Bd7 24. f3 f5 25. Rhe1 {1-0 Nakamura,H (2787)-Aronian,L (2792) Paris GCT rapid 2016 (8)} {RR} Re5 26. g4) 11. O-O-O ({RR} 11. Be2 Nb6 12. h3 Bf5 13. Qb3 Nf6 14. a4 Nc8 15. a5 a6 16. Nd2 h5 17. Na4 Nd6 18. Nc5 Kf8 19. Qa3 Re8 20. Nf3 Be4 21. Rg1 Bxf3 22. gxf3 Nd7 23. Bd3 Rd8 24. f4 Nxc5 25. Qxc5 Qe6 {0-1 Rimeikis,A (2108)-Stremavicius,T (2534) TCh-LTU 2024 (5.3)}) ({RR} 11. h3 O-O 12. Be2 Re8 13. O-O-O a5 14. g4 Nhf6 15. g5 Ne4 16. Bd3 b5 17. h4 Bb7 18. h5 Rac8 19. hxg6 hxg6 20. Rh6 c5 21. Rdh1 Nf8 22. Bxe4 dxe4 23. Ne5 cxd4 24. f4 dxc3 25. Qh2 cxb2+ {Radjabov,T (2747)-Matlakov,M (2662) chess.com INT 2023 ½-½ (31)}) 11... Nb6 12. Ne5 $146 ({RR} 12. h3 Bf5 13. Qb3 Nf6 14. Ne5 Nfd7 15. Nxd7 Qxd7 16. Qa3 Qe7 17. Qxe7+ Kxe7 18. g4 Be6 19. Bd3 h5 20. f3 ({RR} 20. g5 h4 21. f3 Rad8 22. Kb1 Kf8 23. b3 Kg7 24. Kb2 Nc8) 20... Rh7 21. Ne2 ({RR} 21. g5) 21... hxg4 22. hxg4 Rah8 23. Ng3 Rh3 24. b3 Nc8 25. Rdg1 Rxg3 {0-1 Miroiu,G (2335)-Lupulescu,C (2626) ROM-chT  Mamaia 2015 (3.1)}) ({RR} 12. h3 Bf5 13. Qb3 Nf6 14. Ne5 Nfd7 15. Nxd7 Qxd7 16. Qa3 Qe7 17. Qxe7+ Kxe7 18. g4 Be6 19. Bd3 h5 20. f3 Rh7 21. Ne2 hxg4 22. hxg4 Rah8) ({RR} 12. Bd3 Bg4 {RR} 13. h3 Bxf3 14. gxf3 O-O-O 15. f4 Kb8 16. Kb1 Nf6 17. h4 Nc8 18. Be2 Nd6 19. h5 Nde4) ({RR} 12. Bd3 Bg4 13. h3 Bxf3 14. gxf3 O-O-O 15. f4 Kb8 16. Kb1 Rc8 17. Na4 Nxa4 18. Qxa4 Nf6 19. Rc1 Ne4 20. Qc2 Nd6 21. a3 Rhe8 22. Ka2 h6 23. Qe2 g5 24. fxg5 hxg5 25. Qg4 Rh8 26. Rcg1 Rcg8 {½-½ Markovic,F (2194)-Seo,J (2483) European Rapid 2023 (6.29)}) ({RR} 12. Bd3 Bg4 13. h3 Bxf3 14. gxf3 O-O-O 15. f4 Kb8 16. Kb1 Nf6 17. h4 Nc8 18. Be2 Nd6 19. h5 Nde4 {½-½ Hertneck,G (2571)-Milov,V (2653) Pula zt 1.2 2000 (4)}) ({RR} 12. Bd3 Bg4 13. Ne2 O-O-O 14. Ne5 Be6 15. Kb1 Kb8 16. Rc1 ({RR} 16. Qxc6 bxc6 17. Nxc6+ Kc7 18. Nxe7 Kd6 19. Nxd5 Nxd5) 16... f6 17. Nf3 Ng7 18. Nf4 Bf5 19. Nd2 Bxd3 20. Nxd3 Ne6 21. h4 Nc8 22. Nb3 {½-½ (22) Huebner,R (2620)-Milov,V (2653) Essen 2000 CBM 077 [Milov,Vadim]}) ({RR} 12. Bd3 Be6 13. Kb1 O-O-O 14. Rc1 Kb8 15. Na4 Nf6 16. Nc5 Bc8 17. Ne5 Ka8 18. Qb3 Nfd7 19. Nf3 f6 20. Rc2 Nxc5 21. Rxc5 Rhe8 22. Rhc1 g5 23. Nd2 f5 24. Ra5 Qc7 25. Qa3 a6 26. Nb3 f4 {Tanriverdi,E (2388)-Gavrilescu,D (2549) chess.com INT 2025 0-1 (36)}) 12... Be6 13. Kb1 Nf6 14. Bd3 Nfd7 15. Nxd7 Qxd7 16. h4 h5 17. Ka1 Qe7 18. Rc1 O-O-O 19. Na4 Kb8 20. Nc5 Bc8 21. Qb3 Ka8 22. Rc3 Nd7 23. Qa4 Nxc5 24. Rxc5 Rd6 25. b4 Kb8 26. b5 cxb5 27. Qxb5 Rb6 28. Qa5 Be6 29. g3 Qf6 30. Qd2 Rc8 31. Rhc1 Rxc5 1/2-1/2

[Event "Olympiad-31"]
[Site "Moscow"]
[Date "1994.12.09"]
[Round "8.2"]
[White "Georgiev, Kiril"]
[Black "Piket, Jeroen"]
[Result "1-0"]
[WhiteElo "2615"]
[BlackElo "2640"]
[Annotator "Hecht,Hans Joachim"]
[PlyCount "151"]
[EventDate "1994.12.01"]
[EventType "team-swiss"]
[EventRounds "14"]
[EventCountry "RUS"]
[SourceTitle "CBM 045"]
[Source "ChessBase"]
[SourceDate "1995.04.01"]
[SourceVersion "1"]
[SourceVersionDate "1995.04.01"]
[SourceQuality "1"]
[WhiteTeam "Bulgaria"]
[BlackTeam "Netherlands"]
[WhiteTeamCountry "BUL"]
[BlackTeamCountry "NED"]

1. d4 Nf6 2. c4 e6 3. Nf3 d5 4. Nc3 Nbd7 5. cxd5 exd5 6. Bf4 c6 7. Qc2 Nb6 8. e3 Bg4 ({RR} 8... Nh5 9. Bg5 Be7 10. Bxe7 Qxe7 11. O-O-O Bg4 12. Be2 O-O 13. h4 Nf6 14. Bd3 Rac8 15. Kb1 c5 16. dxc5 Rxc5 17. Rc1 Bxf3 18. gxf3 Rfc8 19. Rhd1 h6 20. Qb3 Qe5 21. Qb4 Nc4 22. Bxc4 Rxc4 23. Qxb7 {Deac,B (2656)-Vachier Lagrave,M (2721) Zagreb CRO 2026 0-1 (43)}) ({RR} 8... Bd6 9. Bxd6 Qxd6 10. h3 O-O 11. Bd3 Re8 12. O-O a5 13. Ne5 h6 14. Rae1 Be6 15. f4 Rad8 16. g4 Nc4 17. Qf2 Qe7 18. b3 Nd6 19. Qg2 Bc8 20. g5 hxg5 21. fxg5 Nfe4 22. Nxe4 dxe4 23. Be2 {Mekhitarian,K (2544)-Iskusnyh,S (2440) chess.com INT 2026 1-0 (48)}) 9. Ne5 Bh5 10. h3 Bg6 $146 ({RR} 10... Bd6 11. Qb3 Qe7 12. Nd3 Bxf4 13. Nxf4 Bg6 14. Be2 Be4 15. O-O O-O 16. Nxe4 Nxe4 17. Qc2 Nc8 18. Nd3 Ncd6 19. b4 a5 20. a3 Rfe8 21. Rfe1 Ra7 22. Nc5 axb4 23. axb4 Rxa1 24. Rxa1 Nxf2 25. Kxf2 {Gavrilov,A (2390)-Smagin,S (2540) Novgorod 1995 0-1 (33)}) ({RR} 10... Bd6 11. g4 Bg6 12. Qb3 Qe7 13. Be2 Nfd7 14. Nd3 a5 15. Bxd6 Qxd6 16. Nf4 a4 17. Qa3 Qxa3 18. bxa3 Nc8 19. h4 h6 20. Nxg6 fxg6 21. Bd3 Kf7 22. f3 Rd8 23. Rb1 Ra7 24. O-O b5 25. e4 {Georgiev,K (2625)-Smagin,S (2540) Tivat 1995 ½-½ (47)}) 11. Qb3 a5 12. a3 a4 13. Qd1 Ne4 14. Be2 Bd6 15. Nxg6 hxg6 16. Nxe4 dxe4 17. Qc2 f5 18. Bxd6 Qxd6 19. b3 Nd5 20. bxa4 g5 21. Bc4 g6 22. Rb1 Rh7 23. Qb3 f4 24. Bxd5 Qxd5 25. Qxd5 cxd5 26. Rb5 Rxa4 27. Rxd5 Rxa3 28. O-O fxe3 29. fxe3 Rxe3 30. Rxg5 Rd3 31. Rxg6 Rxd4 32. Rg8+ $16 {The connected pawns give white the advantage.} Kd7 33. Rb1 Kc7 34. Re8 Rg7 (34... Rhd7 $5 35. Kf2 (35. Kh2 Rd8 36. Re7+ R8d7 37. Rxd7+ Rxd7 38. g4 $13 {Analyse!}) (35. Re1 b5 36. R1xe4 Rxe4 37. Rxe4 Kc6 $132) 35... Rd2+ $10) 35. Rb2 b5 36. Kf2 Rc4 $2 (36... b4 $1 37. Ke3 (37. g4 Rh7 38. Rb3 Rd2+ $132) 37... Rd3+ 38. Kxe4 Rdg3 39. Rxb4 Rxg2 $14) 37. Re5 b4 38. Rb5 e3+ 39. Kxe3 Re7+ 40. Kd3 Ree4 41. Rc5+ Rxc5 42. Kxe4 Rb5 43. Kd4 Kd6 44. Kc4 Rg5 45. g4 Re5 46. Rb3 (46. Rxb4 Re4+ 47. Kb5 Re5+ 48. Kb6 Re3 49. h4 $18) 46... Re4+ 47. Kb5 Ke5 48. Kc5 Re2 49. Rxb4 $18 {White demonstates a good winning technic.} Rh2 50. Rb3 Rc2+ 51. Kb4 Kf4 52. Rc3 Rb2+ 53. Kc4 Kg5 54. Rb3 Rc2+ 55. Kd3 Rc5 56. Rb8 Ra5 57. Rg8+ Kh4 58. Rh8+ Kg3 59. Ke4 Rb5 60. Rh5 Rb4+ 61. Ke5 Rb5+ 62. Kd6 Rb6+ 63. Kc7 Rg6 (63... Rb1 64. g5 $18) 64. Kd7 Ra6 65. Rh8 Kf4 66. Ke7 Kg5 67. Rh5+ Kg6 68. Rd5 Ra7+ 69. Ke6 Rh7 70. Rd3 Kg5 71. Rf3 Rh6+ (71... Kh4 72. Kf6 Rh6+ 73. Kg7 Rg6+ 74. Kf7 Ra6 75. Rf6 Ra7+ 76. Kg6 Kxh3 77. g5 Kg4 78. Kh6 $18) 72. Kf7 Rh7+ 73. Kg8 Rh6 74. Kg7 Rg6+ 75. Kf7 Kh4 76. Rf6 1-0

[Event "Biel SKA"]
[Site "Biel"]
[Date "1991.??.??"]
[Round "3"]
[White "Bareev, Evgeny"]
[Black "Andersson, Ulf"]
[Result "1-0"]
[WhiteElo "2680"]
[BlackElo "2625"]
[Annotator "Ftacnik,Lubomir"]
[PlyCount "69"]
[EventDate "1991.07.??"]
[EventType "tourn"]
[EventRounds "14"]
[EventCountry "SUI"]
[EventCategory "15"]
[SourceTitle "CBM 025"]
[Source "ChessBase"]
[SourceDate "1991.12.01"]
[SourceVersion "1"]
[SourceVersionDate "1991.12.01"]
[SourceQuality "1"]

1. d4 Nf6 2. c4 e6 3. Nf3 d5 4. Nc3 Nbd7 5. cxd5 exd5 6. Bf4 c6 7. h3 Be7 8. e3 O-O 9. Bd3 Re8 10. Qc2 Nf8 11. g4 Bd6 (11... Be6 12. Ng5 Bd6 (12... c5 $6 13. Be5 h6 {Timman-Huebner/Wijk aan Zee/1982/} 14. Nxe6 Nxe6 15. Kf1 $1 Rc8 16. Bf5 $16) 13. Ne2 Qa5+ 14. Kf1 Qc7 15. Bxd6 Qxd6 16. Nf4 Bd7 17. a3 Re7 18. b4 b6 19. Kg2 Rc8 $14 {Gurevich,M-Andersson,U/Reggio Emilia/1991/}) 12. Bxd6 ({RR} 12. Bg5 b5 13. Ne2 Bd7 14. Nf4 Qa5+ 15. Kf1 Ne4 16. Bxe4 Rxe4 17. Nh5 Ng6 18. Bh6 Bf8 19. Bg5 Rc8 20. Kg2 f5 21. gxf5 Bxf5 22. Ng3 Be6 23. Nxe4 dxe4 24. Qxe4 Bd5 25. Qd3 Re8 26. h4 Qc7 {Rojas Gomez,R (1831)-Brito Cedeno,P (1896) Santo Domingo 2016 ½-½ (46)}) 12... Qxd6 13. g5 $146 (13. O-O-O Be6 14. Kb1 Rac8 $10 {Gurevich,M-Andersson,U/Reggio Emilia/1988-89/}) ({RR} 13. Ne5 N6d7 14. Nxd7 Bxd7 15. O-O-O Rac8 16. Kb1 Be6 17. Qa4 Ra8 18. Qc2 b6 19. f4 Bc8 20. e4 Qxf4 21. exd5 Bd7 22. Rhf1 Qd6 23. dxc6 Bxc6 24. d5 Bb7 25. Nb5 Qd7 26. Qc7 Red8 27. Bf5 Qxc7 {Lacroix,S-Desforges,J Montreal 1987 1-0 (41)}) ({RR} 13. O-O-O b5 14. Kb1 a5 15. Rc1 a4 16. Ne5 a3 17. b3 N6d7 18. Nxd7 Bxd7 19. Ne2 b4 20. Bf5 Ra6 21. Nf4 Bxf5 22. gxf5 Nd7 23. Rhg1 Nf6 24. Rg2 Kh8 25. Rcg1 Rg8 26. f3 Ra5 27. Nd3 Nd7 {Anand,V (2762)-Drazic,S (2508) Bastia 2000 1-0 (70)}) ({RR} 13. O-O-O Be6 14. Kb1 Rac8 15. Rc1 Qb8 16. g5 N6d7 17. Qd2 Rc7 18. h4 Nb6 19. Qc2 Nc4 20. Nd2 Nd6 21. Ne2 b6 22. e4 dxe4 23. Nxe4 Rcc8 24. f3 Nxe4 25. Bxe4 Bd5 26. Nc3 Bxe4 27. fxe4 Ne6 {Gurevich,M (2630)-Andersson,U (2625) Reggio Emilia 1988 1-0 (60)}) 13... Nh5 14. O-O-O g6 15. Ne5 Ne6 16. h4 Neg7 17. Qe2 $1 Bf5 18. Qf3 Re7 19. Be2 $1 Rf8 20. Qg2 Kh8 21. Qh2 Qe6 (21... Be6 $2 22. Nxf7+ $18) 22. Rhg1 Qc8 23. b3 $1 Qb8 24. Kb2 f6 $6 (24... a6 $16) 25. gxf6 Nxf6 26. f4 Qe8 27. Bf3 Bc8 28. Rg5 Nf5 29. h5 $1 gxh5 30. Rdg1 Be6 (30... Nxe3 31. Bxh5 Nxh5 32. Rxh5 Rg8 (32... Bf5 33. Rxf5 $1 Nxf5 34. Ng6+ $18) 33. Rgg5 $1) 31. Bxh5 Nxh5 32. Rxh5 Rg8 33. Rgg5 Nxe3 34. f5 Bxf5 (34... Nxf5 35. Ng4 Rxg5 36. Rxg5 $18) 35. Qf4 {Ftacnik,L} 1-0

[Event "World-ch33-KK4 Kasparov-Karpov +4-4=16"]
[Site "Seville"]
[Date "1987.11.11"]
[Round "12"]
[White "Kasparov, Garry"]
[Black "Karpov, Anatoly"]
[Result "1/2-1/2"]
[WhiteElo "2740"]
[BlackElo "2700"]
[Annotator "Bulletin"]
[PlyCount "41"]
[EventDate "1987.10.12"]
[EventType "match"]
[EventRounds "24"]
[EventCountry "ESP"]
[SourceTitle "MainBase"]
[Source "ChessBase"]
[SourceDate "1999.07.01"]
[SourceVersion "2"]
[SourceVersionDate "1999.07.01"]
[SourceQuality "1"]

1. c4 e6 2. Nc3 d5 3. d4 Be7 4. cxd5 exd5 5. Bf4 Nf6 6. e3 Bf5 7. Nge2 {7.b3 - D 35} O-O 8. Rc1 {N} (8. Ng3 Be6 9. Bd3 c5 $1 $10) 8... c6 9. Ng3 Be6 (9... Bg6 10. h4 h6 11. h5 Bh7 12. Bd3 $16) 10. Bd3 Re8 (10... Nbd7 11. Nf5 Bxf5 12. Bxf5 g6 $10) 11. Qb3 Qb6 12. Qc2 Nbd7 13. O-O (13. Nf5 Bxf5 14. Bxf5 Nf8 { d8=}) 13... g6 $146 ({RR} 13... Nf8 14. Na4 Qd8 15. Nc5 Bc8 16. b4 a6 17. a3 g6 18. h3 Ne6 19. Be5 Ng7 20. Ne2 Bd6 21. f4 h5 22. Kh2 Qe7 23. Ng1 Bxc5 24. bxc5 Ng4+ 25. hxg4 Qh4+ 26. Nh3 hxg4 27. Qf2 Qh6 28. Be2 {Kashlinskaya,A (2344)-Oparin,G (2257) Alushta 2009 0-1 (52)}) 14. h3 (14. a3 Qd8 15. b4 $6 a5) 14... Bf8 15. Nge2 Rac8 16. Qd2 (16. Na4 Qd8 $1 $10 (16... Qa5 17. a3 $14)) 16... Nh5 $1 17. Bh2 Ng7 { f5} 18. g4 $2 (18. Na4 $10) (18. Nf4 $10) 18... Qd8 19. f3 (19. Nf4 Bd6 { h5}) 19... Nb6 20. b3 Ba3 21. Rc2 1/2-1/2

[Event "Linares 09th"]
[Site "Linares"]
[Date "1991.??.??"]
[Round "6"]
[White "Ehlvest, Jaan"]
[Black "Jussupow, Artur"]
[Result "1/2-1/2"]
[WhiteElo "2650"]
[BlackElo "2605"]
[Annotator "Ftacnik,Lubomir"]
[PlyCount "93"]
[EventDate "1991.02.??"]
[EventType "tourn"]
[EventRounds "13"]
[EventCountry "ESP"]
[EventCategory "17"]
[SourceTitle "CBM 022"]
[Source "ChessBase"]
[SourceDate "1991.06.01"]
[SourceVersion "1"]
[SourceVersionDate "1991.06.01"]
[SourceQuality "1"]

1. c4 e6 2. Nc3 d5 3. d4 Be7 4. cxd5 exd5 5. Bf4 Nf6 6. e3 Bf5 7. Qb3 Nc6 8. Qxb7 Nb4 9. Rc1 $5 {N} (9. O-O-O Rb8 10. Bb5+ Kf8 11. Qxa7 Ra8 12. Qb7 (12. Qxc7 $2 Nxa2+ 13. Kd2 Nxc3 $15) 12... Rb8 $10) (9. Bb5+ Kf8 10. Kd2 a6 11. Ba4 Nd3 12. Bxc7 Qc8 13. Qxc8+ Rxc8 14. Ba5 Nxf2 15. Rf1 N6e4+ $14 {Salov,V-Timoshchenko,G/URS-FL/Irkutsk/1986/ TD86 01}) 9... O-O 10. a3 $2 (10. Nf3 Rb8 11. Qxc7 Qxc7 12. Bxc7 Rb7 13. Ba5 Nc2+ 14. Rxc2 Bxc2 15. b3 $14) 10... Nc2+ 11. Rxc2 Bxc2 12. Bxc7 Qc8 13. Ba6 Qxb7 14. Bxb7 Rab8 $1 15. Bxb8 Rxb8 16. Ba6 $146 ({RR} 16. Bxd5 Rxb2 17. Bc4 Ne4 18. Nge2 Nxc3 19. Nxc3 Bxa3 20. O-O a5 21. Ra1 Bb4 22. Na4 Rb1+ 23. Rxb1 Bxb1 24. Kf1 Kf8 25. Nb6 Be4 26. Bb5 Bd6 27. f3 Bb7 28. h3 Ke7 29. Ke2 f6 30. Kd3 g5 {Novikov,I (2495)-Ubilava,E (2515) Kuibyshev 1986 ½-½ (79)}) ({RR} 16. Bxd5 Rxb2 17. Bc4 Bxa3 18. Nge2 a5 19. O-O Bb4 20. f3 a4 21. Ra1 a3 22. Nb5 Bb3 23. Bxb3 Rxb3 24. e4 Bf8 25. Nbc3 Bb4 26. Rc1 Rb2 27. Kf1 h5 28. Na4 Rd2 29. Nac3 h4 30. Rb1 Bxc3 {Gretarsson,H (2518)-Stefansson,V (2459) Mosfellsbaer ISL 2024 ½-½ (34)}) 16... Rxb2 17. Nge2 Rb6 $1 18. Bc8 Bxa3 $17 19. O-O Bb2 $1 20. g4 $1 $8 Bxc3 21. Rc1 $1 (21. Nxc3 Rc6 $19) 21... Bd3 22. Nxc3 Rc6 23. Bf5 Ne4 (23... Bxf5 24. gxf5 Ne4 25. Rb1 $1) 24. Bxe4 dxe4 25. Kg2 Kf8 26. f3 exf3+ $6 27. Kxf3 Rf6+ 28. Kg3 Rf1 29. Rxf1 Bxf1 30. g5 $1 Bc4 31. Kf4 a5 32. Ke5 Ke7 33. d5 Bb3 34. Kd4 a4 35. Nb5 Kd7 36. e4 f6 37. gxf6 gxf6 38. Kc3 Bd1 39. Kd4 Be2 40. Nc3 a3 41. Kc5 Bd3 42. Kb4 Bxe4 $1 43. Nxe4 a2 44. Nc5+ Kd6 45. Nb3 Kxd5 46. Ka3 Ke4 47. Kxa2 {Ftacnik,L} 1/2-1/2

[Event "45th Olympiad 2024"]
[Site "Budapest HUN"]
[Date "2024.09.20"]
[Round "9.6"]
[White "Nguyen, Ngoc Truong Son"]
[Black "Adams, Michael"]
[Result "1/2-1/2"]
[WhiteElo "2633"]
[BlackElo "2661"]
[PlyCount "62"]
[EventDate "2024.09.11"]
[WhiteTeam "Vietnam"]
[BlackTeam "England"]
[WhiteTeamCountry "VIE"]
[BlackTeamCountry "ENG"]

1. d4 {Marin,Mihail} Nf6 2. Nf3 d5 3. c4 e6 4. Nc3 Be7 5. cxd5 exd5 6. Bf4 ({RR} 6. Qc2 c5 ({RR} 6... c6 7. Bg5 g6 8. e4) 7. Bg5 cxd4 8. Nxd4 Nc6 9. Rd1 ({RR} 9. Nxc6) 9... O-O ({RR} 9... h6 10. Bh4 Qa5 11. e3 O-O 12. Be2 Be6 13. Nb3 Qb4) 10. e3 Be6 11. Be2 Rc8 12. Nf5 h6 13. Bh4 Re8 14. Nxe7+ Qxe7 15. O-O g5 16. Bg3 Ne4 17. Qb1 Nxg3 18. hxg3 Red8 19. Nb5 d4 20. Nxd4 Nxd4 {½-½ Grischuk,A (2747)-Aronian,L (2808) Candidates Tournament 2011 (1.2)} {RR} 21. Rxd4 Rxd4 22. exd4 Bxa2) ({RR} 6. Qc2 c6 7. h3 a5 8. Bf4 g6 9. e3 Bf5 10. Qd1 Nbd7 11. Be2 Ne4 12. O-O O-O 13. Bh2 Re8 14. Nxe4 Bxe4 15. Ne1 Nb6 16. Bg4 h5 17. Be2 Bd6 18. Bxd6 Qxd6 19. Qb3 Nd7 20. Rc1 Ra7 {0-1 Navara,D (2724)-Adams,M (2734) EU-chT (Men) 18th 2011 (6.1)}) 6... Nh5 7. Be5 ({RR} 7. Bd2 Nf6 8. e3 O-O 9. Bd3 Re8 10. O-O Nbd7 11. Qc2 c6 12. Ne5 Nxe5 13. dxe5 Ng4 14. f4 d4 15. Nd1 dxe3 16. Nxe3 Qd4 17. Rae1 g6 18. Bc4 Bf5 19. Qb3 Qxd2 20. Bxf7+ Kf8 21. Nxg4 Bxg4 {Erigaisi,A (2775)-So,W (2753) Kolkata IND 2026 0-1 (32)}) 7... Nc6 8. Bg3 $146 ({RR} 8. e3 Nxe5 9. Nxe5 Nf6 10. Bd3 O-O 11. O-O c6 12. Qc2 Bd6 13. f4 c5 14. Rad1 cxd4 15. exd4 a6 16. Qb3 b5 17. Be2 Bb7 18. Bf3 Be7 19. a3 {½-½ Polak,T (2445)-Cicak,S (2445) Banicky Kahanec 1996 (3)}) ({RR} 8. h3 Nxe5 9. dxe5 c6 10. e3 g6 11. Qc2 Ng7 12. O-O-O Qa5 13. Nd4 Ne6 14. Nb3 Qb6 15. g4 a5 16. Na4 Qa7 17. Nd4 Nxd4 18. exd4 h5 19. Rg1 hxg4 20. hxg4 Bg5+ 21. Kb1 Bd7 22. Qb3 O-O-O {0-1 Guo Qi (2362)-Du,Y (1960) TCh-CHN DivA Standard 2024 (7.5)}) ({RR} 8. h3 Nxe5 9. dxe5 c6 10. e3 g6 11. Be2 f6 12. exf6 Nxf6 13. O-O O-O 14. Qc2 Qe8 15. Rad1 Bd8 16. Bd3 Nh5 17. Nd4 Qe5 18. Rfe1 Bc7 19. g3 Bxh3 20. f4 Qg7 21. Qh2 Bg4 22. Be2 Bxe2 {0-1 Matlakov,M (2651)-Fedoseev,V (2687) Crunchlabs Play-In Match D1 2024 (1.1)}) ({RR} 8. h3 Nxe5 9. dxe5 c6 10. Qd2 g6 11. O-O-O Qa5 12. Nd4 Ng7 13. f4 Nf5 14. e3 Bb4 15. Bd3 Bxc3 16. bxc3 Ne7 17. c4 Qxd2+ 18. Kxd2 Be6 19. Rb1 dxc4 20. Nxe6 fxe6 21. Bxc4 O-O-O+ 22. Ke2 Nd5 {Maghsoodloo,P (2706)-Ter Sahakyan,S (2613) chess.com INT 2026 1-0 (42)}) 8... Be6 $146 ({RR} 8... g5 9. e3 Nxg3 10. hxg3 g4 11. Nd2 Be6 12. Bb5 Qd7 13. Rc1 a6 14. Ba4 h5 15. Nb3 Kf8 16. Na5 Rb8 17. a3 Qd6 18. Bxc6 bxc6 19. Na4 Rb5 20. Nxc6 Bf6 21. Qc2 Kg7 22. b4 h4 23. gxh4 {Kuzubov,Y (2609)-Aradhya,G (2405) chess.com INT 2024 1-0 (39)}) 9. e3 O-O 10. Bd3 g6 11. O-O Nxg3 12. hxg3 Nb4 13. Be2 c5 14. dxc5 Bxc5 15. Rc1 Bb6 16. Qb3 Qe7 17. Nd4 Bxd4 18. exd4 Nc6 19. Rfd1 Qf6 20. Nxd5 Bxd5 21. Qxd5 Rad8 22. Qf3 Qxf3 23. Bxf3 Nxd4 24. Kf1 Nxf3 25. gxf3 b6 26. b4 Rxd1+ 27. Rxd1 Rc8 28. Rd7 Rc4 29. Rxa7 Rxb4 30. a4 h5 31. a5 bxa5 1/2-1/2

[Event "45th Olympiad 2024"]
[Site "Budapest HUN"]
[Date "2024.09.18"]
[Round "7.3"]
[White "Nguyen, Ngoc Truong Son"]
[Black "Tabatabaei, M. Amin"]
[Result "1/2-1/2"]
[WhiteElo "2633"]
[BlackElo "2714"]
[PlyCount "60"]
[EventDate "2024.09.11"]
[WhiteTeam "Vietnam"]
[BlackTeam "Iran"]
[WhiteTeamCountry "VIE"]
[BlackTeamCountry "IRI"]

1. d4 d5 2. c4 e6 3. Nc3 Be7 4. cxd5 exd5 5. Bf4 c6 6. e3 Bf5 7. Bd3 Bxd3 8. Qxd3 Nf6 9. Nf3 O-O 10. O-O Re8 11. h3 Nbd7 12. Rab1 a5 13. Qc2 Bf8 ({RR} 13... Nb6 14. b3 Bd6 15. Ne5 Qe7 16. Nd3 Bxf4 17. Nxf4 Ne4 18. Nxe4 Qxe4 19. Qxe4 Rxe4 20. Nd3 Re7 21. Nc5 Nc8 22. Nd3 Nd6 23. Rfc1 f6 24. g4 Kf7 25. Kg2 a4 26. Nc5 axb3 27. axb3 Ra2 28. Ra1 {½-½ Fressinet,L (2677)-Gustafsson,J (2646) Oberhof m2 blitz 2011 (1)}) ({RR} 13... Nb6 14. b3 Bd6 15. Ne5 Qe7 16. Nd3 Bxf4 17. Nxf4 Ne4 18. Nxe4 Qxe4 19. Qxe4 Rxe4 20. Nd3 Re7 21. Nc5 Nc8 22. Nd3 Nd6 23. Rfc1 f6 24. g4 Kf7 25. Kg2 a4 26. Nc5 axb3 27. axb3 Ra2 28. Ra1 {Fressinet,L (2677)-Gustafsson,J (2646) Oberhof 2011 ½-½ (33)}) ({RR} 13... Nb6 14. Rfc1 Nc4 15. Ne5 Nxe5 16. Bxe5 Nd7 17. Bg3 Nb6 18. Na4 Nxa4 19. Qxa4 h6 20. a3 Qd7 21. Bf4 Bf8 22. Qd1 a4 23. Qg4 Qxg4 24. hxg4 Ra6 25. Rc3 Rea8 26. f3 Rb6 27. Kf2 Rb5 28. Ke2 {Arvola,B (2453)-Mitusov,S (2479) Normoria NOR 2026 ½-½ (60)}) 14. a3 ({RR} 14. Bg5 Qb8 15. Bxf6 Nxf6 16. a3 Bd6 17. b4 axb4 18. axb4 b5 19. Ne1 Nd7 20. Nd3 Nb6 21. Nc5 Nc4 22. Ra1 Qc7 23. e4 Rxa1 24. Rxa1 Bxc5 25. dxc5 d4 26. Ne2 Qe5 27. Rd1 Rd8 28. f4 Qc7 {½-½ Melikhov,E (2172)-Yuan,Q (2360) Titled Tue 16th Apr Late 2024 (1)}) 14... h6 $146 ({RR} 14... Ne4 15. Nxe4 dxe4 16. Nd2 Qe7 17. b4 axb4 18. axb4 f5 19. b5 c5 20. Nb3 b6 21. Ra1 Rec8 22. Ra6 Qf7 23. dxc5 Nxc5 24. Nxc5 Bxc5 25. Rfa1 Rxa6 26. bxa6 Ra8 27. Qa4 Qf6 28. Kh2 g5 29. Bg3 {½-½ Nesterov,A (2018)-Tsoi,D (1985) Loo Autumn 2014 (2)}) ({RR} 14... Ne4 15. Nxe4 dxe4 16. Nd2 Qe7 17. b4 axb4 18. axb4 f5 19. b5 c5 20. Nb3 b6 21. Ra1 Rec8 22. Ra6 Qf7 23. dxc5 Nxc5 24. Nxc5 Bxc5 25. Rfa1 Rxa6 26. bxa6 Ra8 27. Qa4 Qf6 28. Kh2 g5 29. Bg3 {Nesterov,A (2018)-Tsoi,D (1985) Loo 2014 ½-½ (45)}) 15. Rfe1 Rc8 16. Rbd1 b5 17. Ne5 Nxe5 18. Bxe5 Nd7 19. Bg3 Nb6 20. a4 Bb4 21. Re2 Bxc3 22. Qxc3 Nxa4 23. Qe1 Ra8 24. Ra1 Nb6 25. Rxa5 Nd7 26. Ra1 c5 27. Rxa8 Qxa8 28. dxc5 Nxc5 29. Qb4 Qa4 30. Qxa4 bxa4 1/2-1/2